Catálogo - Centro de Recursos para el Aprendizaje y la Investigación
Volver al Sitio - CRAI Biblioteca| 000 -CABECERA | |
|---|---|
| campo de control de longitud fija | 02049nam a2200301 4500 |
| 001 - NÚMERO DE CONTROL | |
| campo de control | 113528 |
| 003 - IDENTIFICADOR DEL NÚMERO DE CONTROL | |
| campo de control | DR-UNIBE |
| 005 - FECHA Y HORA DE LA ÚLTIMA TRANSACCIÓN | |
| campo de control | 20251028102338.0 |
| 008 - DATOS DE LONGITUD FIJA--INFORMACIÓN GENERAL | |
| campo de control de longitud fija | 250501b2006 mx ||||| |||| 00| 0 spa d |
| 020 ## - NÚMERO INTERNACIONAL ESTÁNDAR DEL LIBRO | |
| Número Internacional Estándar del Libro | 9789707125667 |
| 040 ## - FUENTE DE LA CATALOGACIÓN | |
| Centro catalogador/agencia de origen | BIBLIOTECA UNIBE |
| Lengua de catalogación | spa |
| Centro/agencia transcriptor | BIBLIOTECA UNIBE |
| Normas de descripción | rda |
| 041 ## - CÓDIGO DE LENGUA | |
| Código de lengua del texto/banda sonora o título independiente | spa |
| 082 ## - NÚMERO DE LA CLASIFICACIÓN DECIMAL DEWEY | |
| Número de edición | 22 |
| Número de clasificación | 342.972 M611t |
| 110 #0 - ENTRADA PRINCIPAL--NOMBRE DE ENTIDAD CORPORATIVA | |
| Nombre de entidad corporativa o nombre de jurisdicción como elemento de entrada | Mexico. Suprema Corte de Justicia de la Nación |
| Término indicativo de función/relación | autor |
| 9 (RLIN) | 194807 |
| 245 14 - MENCIÓN DE TÍTULO | |
| Título | Los tribunales constitucionales y la Suprema Corte de Justicia de la Nación / |
| Mención de responsabilidad, etc. | edición: Comité de Publicaciones y Promoción Educativa ; fotógrafo de portada: Ernesto Lehn ; pintor del mural de portada: Héctor Cruz García |
| 250 ## - MENCIÓN DE EDICIÓN | |
| Mención de edición | Segunda edición |
| 260 ## - PUBLICACIÓN, DISTRIBUCIÓN, ETC. | |
| Lugar de publicación, distribución, etc. | México : |
| Nombre del editor, distribuidor, etc. | Suprema Corte de Justicia de la Nación, |
| Fecha de publicación, distribución, etc. | 2006 |
| 300 ## - DESCRIPCIÓN FÍSICA | |
| Extensión | 144 páginas : |
| Dimensiones | 221 x 15 cm |
| 500 ## - NOTA GENERAL | |
| Nota general | Portada: Detalle del mura "Génesis, nacimiento de una nación, orígenes de la creación de la SCJN" , de Héctor Cruz García. Comentario de la obra en la contraportada |
| 505 ## - NOTA DE CONTENIDO CON FORMATO | |
| Nota de contenido con formato | Presentación |<br/>I. La supremacía constitucional |<br/>II. La defensa de la Constitución y el derecho procesal constitucional |<br/>III. Los sistemas de control constitucional |<br/>IV. Concepto y características de los tribunales constitucionales |<br/>V. Las funciones legislativas de los tribunales constitucionales |<br/>VI. Las funciones interpretativas de los tribunales constitucionales |<br/>VII. Las sentencias de los<br/>VIII. Los tribunales constitucionales |<br/>IX. El carácter de Tribunal Constitucional de la Suprema Corte de Justicia de la Nación |<br/>Epílogo |<br/>Bibliografía |<br/>Normativa |
| 650 #7 - PUNTO DE ACCESO ADICIONAL DE MATERIA--TÉRMINO DE MATERIA | |
| Fuente del encabezamiento o término | lemb |
| Término de materia o nombre geográfico como elemento de entrada | Tribunales constitucionales |
| Subdivisión geográfica | México |
| 9 (RLIN) | 200283 |
| 651 #7 - PUNTO DE ACCESO ADICIONAL DE MATERIA--NOMBRE GEOGRÁFICO | |
| Fuente del encabezamiento o término | lemb |
| Nombre geográfico | Mexico |
| Subdivisión general | Tribunales constitucionales |
| 9 (RLIN) | 194811 |
| 651 #7 - PUNTO DE ACCESO ADICIONAL DE MATERIA--NOMBRE GEOGRÁFICO | |
| Fuente del encabezamiento o término | lemb |
| Nombre geográfico | México |
| Subdivisión general | Derecho constitucional |
| 9 (RLIN) | 193164 |
| 700 10 - PUNTO DE ACCESO ADICIONAL--NOMBRE DE PERSONA | |
| Nombre de persona | Lehn, Ernesto |
| 9 (RLIN) | 194808 |
| Término indicativo de función/relación | fotógrafo de portada |
| 700 10 - PUNTO DE ACCESO ADICIONAL--NOMBRE DE PERSONA | |
| Nombre de persona | Cruz García, Héctor, |
| Fechas asociadas al nombre | 1932- |
| 9 (RLIN) | 194809 |
| Término indicativo de función/relación | pintor del mural de portada |
| 710 10 - PUNTO DE ACCESO ADICIONAL--NOMBRE DE ENTIDAD CORPORATIVA | |
| Nombre de entidad corporativa o nombre de jurisdicción como elemento de entrada | Comité de Publicaciones y Promoción Educativa |
| 9 (RLIN) | 194812 |
| Término indicativo de función/relación | editor |
| -- | presentador |
| 942 ## - ELEMENTOS DE PUNTO DE ACCESO ADICIONAL (KOHA) | |
| Fuente del sistema de clasificación o colocación | Sistema de Clasificación Decimal Dewey |
| Tipo de ítem Koha | Libro (general) |
| Estado de retiro | Estado de pérdida | Fuente del sistema de clasificación o colocación | No para préstamo | Código de colección | Localización permanente | Fecha de adquisición | Total de préstamos | Signatura topográfica completa | Código de barras | Fecha visto por última vez | Número de copia | Precio válido a partir de | Tipo de ítem Koha |
|---|---|---|---|---|---|---|---|---|---|---|---|---|---|
| Disponible | Sistema de Clasificación Decimal Dewey | General | Biblioteca Central UNIBE | 08/04/2025 | 342.972 M611t | 250379 | 01/05/2025 | Ej. 1 | 01/05/2025 | Libro (general) |